Logo BPK

Biblioteka

Politechniki Koszalińskiej

Materiały do poziomego oznakowania dróg : (Rekord nr 49829)

Szczegóły MARC
000 -ETYKIETA REKORDU
podpole kontrolne o stałej długości 01207nam a2200289 i 4500
001 - NUMER KONTROLNY REKORDU
pole kontrolne bg
022 ## - MIĘDZYNARODOWY ZNORMALIZOWANY NUMER WYDAWNICTW CIĄGŁYCH - ISSN
ISSN 12310638
040 ## - ŹRÓDŁO KATALOGOWANIA
Instytucja, która utworzyła rekord BPK
041 0# - KOD JĘZYKA
Kod języka tekstu pol
044 ## - KOD KRAJU WYDAWCY/PRODUCENTA
Kod kraju wydawcy/producenta POL
080 ## - UNIWERSALNA KLASYFIKACJA DZIESIĘTNA - UKD
UKD 656.1.05:691(083.1)
008 - POLE O STAŁEJ DŁUGOŚCI - DANE KONTROLNE
podpole kontrolne o stałej długości 091209s2009 pl a |000 f pol
100 1# - NAZWA OSOBOWA
Nazwa osobowa Szczepaniak, Zenon.
245 10 - TYTUŁ/ODPOWIEDZIALNOŚĆ
Tytuł Materiały do poziomego oznakowania dróg :
Ciąg dalszy tytułu zalecenia IBDiM do udzielania aprobat technicznych nr Z/2009-03-021 /
Pozostałe elementy strefy tytułu i oznaczenia odpowiedzialności [aut. oprac. Zenon Szczepaniak, Paweł Skierczyński] ; Instytut Badawczy Dróg i Mostów. Zakład Technologii Nawierzchni.
260 ## - STREFA ADRESU WYDAWNICZEGO
Miejsce wydania Warszawa :
Nazwa wydawcy/dystrybutora Instytut Badawczy Dróg i Mostów,
Data publikacji, dystrybucji/powstania dokumentu 2009.
300 ## - STREFA OPISU FIZYCZNEGO
Objętość 35, [4] s. :
Inne cechy fizyczne il. ;
Rozmiary 24 cm.
490 1# - STREFA SERII I DOKUMENTU WIELOCZĘŚCIOWEGO - FORMA NIE DO WYSZUKIWANIA
Tytuł i oznaczenie odpowiedzialności serii Informacje, Instrukcje / Instytut Badawczy Dróg i Mostów,
ISSN 1231-0638 ;
Numeracja w obrębie serii z. 75
650 #9 - HASŁO PRZEDMIOTOWE W FORMIE NAZWY OGÓLNEJ LUB JEDNOSTKOWEJ
Nazwa ogólna lub geograficzna Znaki i sygnały drogowe
Określnik ogólny Polska
650 #9 - HASŁO PRZEDMIOTOWE W FORMIE NAZWY OGÓLNEJ LUB JEDNOSTKOWEJ
Nazwa ogólna lub geograficzna Materiały budowlane
Określnik ogólny normalizacja
Określnik geograficzny Polska
Określnik chronologiczny stan na 2009 r.
650 #9 - HASŁO PRZEDMIOTOWE W FORMIE NAZWY OGÓLNEJ LUB JEDNOSTKOWEJ
Nazwa ogólna lub geograficzna Komunikacja drogowa
Określnik ogólny bezpieczeństwo
655 ## - TERMIN INDEKSOWY - OKREŚLENIE RODZAJU/FORMY DOKUMENTU
Określenie rodzaju/formy dokumentu Instrukcje
700 1# - HASŁO DODATKOWE - NAZWA OSOBOWA
Nazwa osobowa Szczepaniak, Zenon.
700 1# - HASŁO DODATKOWE - NAZWA OSOBOWA
Nazwa osobowa Skierczyński, Paweł.
830 #0 - HASŁO DODATKOWE SERII LUB DOKUMENTU WIELOCZĘŚCIOWEGO - TYTUŁ UJEDNOLICONY
Tytuł ujednolicony Informacje, Instrukcje (Instytut Badawczy Dróg i Mostów) ;
Oznaczenie tomu z. 75
856 ## - LOKALIZACJA I DOSTĘP DO ELEKTRONICZNYCH DOKUMENTÓW ZDALNYCH
Link (URL) http://koha.tu.koszalin.pl/cgi-bin/koha/opac-detail.pl?biblionumber=49829
Tekst linku Katalog online BPK
942 ## - DODATKOWE ELEMENTY (KOHA)
Typ dokumentu Książka
Egzemplarze
Wycofany Status egzemplarza Uszkodzony Dostępność Lokalizacja stała Lokalizacja bieżąca Miejsce przechowywania Sygnatura Kod kreskowy Dział Typ dokumentu
      Tylko na miejscu Czytelnia Wydziału Elektroniki i Informatyki, Wydziału Architektury i Wzornictwa, Wydziału Inżynierii Mechanicznej i Energetyki oraz Wydziału Inżynierii Lądowej, Środowiska i Geodezji Czytelnia Wydziału Elektroniki i Informatyki, Wydziału Architektury i Wzornictwa, Wydziału Inżynierii Mechanicznej i Energetyki oraz Wydziału Inżynierii Lądowej, Środowiska i Geodezji Czytelnia Wydziałowa ul. Śniadeckich 2 S 2053 02201344 625 Technika dróg komunikacyjnych. Budowa dróg Książka
© 2023 Biblioteka Politechniki Koszalińskiej :: KOHA